Restoration of Albert Dock (Record no. 656)

MARC details
000 -LEADER
fixed length control field 00897cab a2200229 4500
001 - CONTROL NUMBER
control field ABS36950
008 - FIXED-LENGTH DATA ELEMENTS--GENERAL INFORMATION
fixed length control field 090401t1986 xxu||||| |||| 00| 0 eng d
035 ## - SYSTEM CONTROL NUMBER
System control number (Sirsi) u1206
041 0# - LANGUAGE CODE
Language code of text/sound track or separate title eng
100 1# - MAIN ENTRY--PERSONAL NAME
Personal name Tallis, J. A.
245 00 - TITLE STATEMENT
Title Restoration of Albert Dock
260 ## - PUBLICATION, DISTRIBUTION, ETC.
Date of publication, distribution, etc. 1986
350 ## - PRICE (NR) (BK AM CF MU VM SE) [OBSOLETE]
Price 0
490 #0 - SERIES STATEMENT
Series statement Structural Engineer
Volume/sequential designation 64A (10) October 1986, 291-298 (8)
520 ## - SUMMARY, ETC.
Summary, etc. Describes the structural works carried out during the phase one refurbishment at the Albert Dock Buildings and the Dock Traffic Office in Liverpool . Treatments to the roofs and foundations are described together with a description of the method used to treat the brickwork. Also covers the structural works involved in fitting-out the buildings.
651 #4 - SUBJECT ADDED ENTRY--GEOGRAPHIC NAME
Geographic name United Kingdom
Chronological subdivision
690 ## - LOCAL SUBJECT ADDED ENTRY--TOPICAL TERM (OCLC, RLIN)
Topical term or geographic name as entry element Refurbishment
9 (RLIN) 6264
700 ## - ADDED ENTRY--PERSONAL NAME
Personal name Taylor, R. D.
700 ## - ADDED ENTRY--PERSONAL NAME
Personal name Dishman, T. J.
942 ## - ADDED ENTRY ELEMENTS (KOHA)
Suppress in OPAC 0
948 ## - LOCAL PROCESSING INFORMATION (OCLC); SERIES PART DESIGNATOR (RLIN)
c (OCLC) 04/03/1997
Holdings
Withdrawn status Lost status Source of classification or shelving scheme Damaged status Not for loan Home library Current library Shelving location Date acquired Total Checkouts Full call number Barcode Date last seen Copy number Price effective from Koha item type
    Dewey Decimal Classification     London London Journal article 14/09/1999   ABS36950 1206-1001 06/08/2019 1 06/08/2019 Journal article